| 000 | 00790nam a2200289Ia 4500 | ||
|---|---|---|---|
| 003 | OSt | ||
| 005 | 20240527152340.0 | ||
| 008 | 210210b1915 xxu||||| |||| 00| 0 eng d | ||
| 040 | _cAL | ||
| 041 | _aeng | ||
| 082 | _a954/668 | ||
| 100 |
_a India, (Archaeological Survey of). _9167987 |
||
| 245 | _aArchaeological Survey of India:Annual report 1912-13 Part I | ||
| 260 |
_aCalcutta _bSuperintendent Government Printing _c1915 |
||
| 300 | _a54 | ||
| 650 |
_aSurvey _9167988 |
||
| 650 |
_areport _9167989 |
||
| 650 |
_aPart _9167990 |
||
| 650 |
_aIndia:Annual _9167991 |
||
| 650 |
_aI _9167992 |
||
| 650 |
_aArchaeological _9167993 |
||
| 650 |
_a1912-13 _9167994 |
||
| 690 |
_aIndian History _9167995 |
||
| 700 |
_aMARSHALL (John) _9167996 |
||
| 906 | _a002168 | ||
| 942 |
_2ddc _cBK |
||
| 999 |
_c121104 _d121104 |
||